000 00970nam a2200265 i 4500
001 110813
003 ES-MaACL
005 20260127062535.0
007 t|
008 070130s1921 sp |||| | spa d
080 _a369.012
080 _a351.84
080 _a331.25
100 1 _aMaluquer y Salvador, José.
_975885
245 1 0 _aReglamentación del seguro obligatorio de retiros obreros
_b: conferencia /
_cpor José Maluquer y Salvador.
260 _aMadrid :
_bReus,
_c1921.
300 _a67 p. :
_b2 il. ;
_c18 cm.
490 1 _aPublicaciones de la Real Academia de Jurisprudencia y Legislación ;
_v32
500 _aSesión del día 28 de enero de 1921.
650 4 _aPensiones de jubilación-
_zEspaña.
_9164766
700 _aReal Academia de Jurisprudencia y Legislación de España
_9217612
830 0 _aPublicaciones de la Real Academia de Jurisprudencia y Legislación ;
_v32
_9180630
852 _aES-MaACL
_jL-5200
999 _c110813
_d110813